000 00559nam a2200193Ia 4500
003 OSt
005 20240523125438.0
008 210210b2004 xxu||||| |||| 00| 0 eng d
040 _cAL
041 _aSanskrit
082 _aS891.3 LEEA
100 _aLEELA (K).
_dलीला के
_9167075
245 _aApareekshithakarakam (english translation).
_bअपरीक्षितकारकम्
260 _aMysore
_bVidyuth prakashana
_c2004
300 _axvi,164
690 _aSanskrit Prose & Champu
_9167076
906 _a059813
942 _2ddc
_cBK
999 _c106964
_d106964